UN+ Documento de Posicion. Estigma y discriminacion, viajes y movilidad, confidencialidad, seguro de salud (Registro nro. 1719)
[ vista simple ]
| 000 -LEADER | |
|---|---|
| fixed length control field | 00822nam a2200253 a 4500 |
| 003 - CONTROL NUMBER IDENTIFIER | |
| control field | OSt |
| 005 - FECHA ULTIMA MODIFICACION | |
| control field | 20131002152308.0 |
| 008 - FIXED-LENGTH DATA ELEMENTS--GENERAL INFORMATION | |
| fixed length control field | 131002s2007 xxu||||| |||| 00| 0 spa d |
| 040 ## - CATALOGING SOURCE | |
| Transcribing agency | Biblioteca Medicina |
| 041 ## - LANGUAGE CODE | |
| Language code of text/sound track or separate title | spa |
| 082 ## - DEWEY DECIMAL CLASSIFICATION NUMBER | |
| Item number | VARIOS 0357 |
| 110 ## - MAIN ENTRY--CORPORATE NAME | |
| Corporate name or jurisdiction name as entry element | UNPLUS |
| 9 (RLIN) | 2642 |
| 245 00 - TITLE STATEMENT | |
| Title | UN+ Documento de Posicion. Estigma y discriminacion, viajes y movilidad, confidencialidad, seguro de salud |
| 250 ## - EDITION STATEMENT | |
| Edition statement | 1º ed |
| 260 ## - PUBLICATION, DISTRIBUTION, ETC. (IMPRINT) | |
| Place of publication, distribution, etc | s/l |
| Name of publisher, distributor, etc | UNPLUS Grupo de Emlpleados de las Naciones Unidas VIH Positivos |
| Date of publication, distribution, etc | 2007 |
| 300 ## - PHYSICAL DESCRIPTION | |
| Extent | 22 p. |
| 653 ## - INDEX TERM--UNCONTROLLED | |
| Uncontrolled term | VIH-ESTIGMA |
| 653 ## - INDEX TERM--UNCONTROLLED | |
| Uncontrolled term | VIH-SEGURO DE SALUD |
| 653 ## - INDEX TERM--UNCONTROLLED | |
| Uncontrolled term | VIH-CONFIDENCIALIDAD |
| 653 ## - INDEX TERM--UNCONTROLLED | |
| Uncontrolled term | VIH-DISCRIMINACION |
| 856 ## - ELECTRONIC LOCATION AND ACCESS | |
| Host name | www.unplus.org |
| 942 ## - ADDED ENTRY ELEMENTS (KOHA) | |
| Source of classification or shelving scheme | Dewey Decimal Classification |
| Koha item type | Hemeroteca |
| Withdrawn status | Lost status | Fuente de clasificación | Damaged status | Not for loan | Colección | Ubicación permanente | Ubicación actual | Sala de ubicación | Fecha de adquisición | Total Checkouts | Número de clasificación | Date last seen | Número de ejemplar | Price effective from | Koha tipo de elemento (item) |
|---|---|---|---|---|---|---|---|---|---|---|---|---|---|---|---|
| Dewey Decimal Classification | Non-fiction | Biblioteca Medicina | Biblioteca Medicina | Circulación | 02/10/2013 | VARIOS 0357 | 06/11/2014 | Ej. 1 | 02/10/2013 | Hemeroteca |